000 00520nam a2200181 a 4500
001 2017
005 20140414132041.0
008 050216s19uu xx 00 eng d
020 _a0-8136-2910-1
050 _aBB
_bF32 1992
100 _aJones, Anne G.
245 _aFeeling good about yourself /
_cwritten by Anne G. Jones.
260 _aCleveland, Ohio :
_bModern Curriculum Press,
_c1992.
300 _a16 p. : ill. ; cm.
440 _aConcept Health
650 _aHealth
_xJuvenile literature.
999 _c113850
_d113850